00354nam a2200145Ia 4500008004100000010001300041020002800054037002200082100001200104245002400116260002900140300001000169942001200179999001700191140828s9999 xx 000 0 und d aBAC-EN21 a9788126525240cRs599.00 bAsian Book Centre aCochran aSampling Techniques c2014aDelhibWiley India c(PBK) cEN2ddc c88075d88075